Rose and the Ring or History of Prince Giglio and Prince Bulbo (Record no. 1846719)

MARC details
000 -LEADER
fixed length control field 00602nam a2200253Ia 4500
005 - DATE AND TIME OF LATEST TRANSACTION
control field 20260401122342.0
008 - FIXED-LENGTH DATA ELEMENTS--GENERAL INFORMATION
fixed length control field 008 250103s9999 xx 000 0 eng d
037 ## - SOURCE OF ACQUISITION
Stock number TB
040 ## - CATALOGING SOURCE
Original cataloging agency EDL
040 ## - CATALOGING SOURCE
Language of cataloging eng
040 ## - CATALOGING SOURCE
Transcribing agency EDL
041 ## - LANGUAGE CODE
Source of code eng
041 ## - LANGUAGE CODE
Language code of text/sound track or separate title eng
084 ## - COLON CLASSIFICATION NUMBER
Classification number 827.8 TIT
084 ## - COLON CLASSIFICATION NUMBER
Assigning agency EDL
100 ## - MAIN ENTRY--PERSONAL NAME
Personal name Titmarsh, Michael Angelo
9 (RLIN) 1233331
245 #0 - TITLE STATEMENT
Title Rose and the Ring or History of Prince Giglio and Prince Bulbo
245 #0 - TITLE STATEMENT
Statement of responsibility, etc. Titmarsh, Michael Angelo
300 ## - PHYSICAL DESCRIPTION
Extent 209p
942 ## - ADDED ENTRY ELEMENTS (KOHA)
Koha item type Textbook
942 ## - ADDED ENTRY ELEMENTS (KOHA)
Classification part 827.8 TIT
Holdings
Withdrawn status Lost status Damaged status Not for loan Home library Current library Date acquired Total Checkouts Full call number Barcode Date last seen Price effective from Koha item type
        Department of English Library Department of English Library 2026-04-01   827.8 TIT EL2152068 2026-04-01 2026-04-01 Textbook
Copyright @ Delhi University Library System